[Event "European Online KO Final"]
[Site "chess.com INT"]
[Date "2020.05.31"]
[Round "1.1"]
[White "Galaktionov, Artem"]
[Black "Giri, Anish"]
[Result "0-1"]
[WhiteTitle "FM"]
[BlackTitle "GM"]
[WhiteElo "2319"]
[BlackElo "2764"]
[WhiteFideId "24175471"]
[BlackFideId "24116068"]
[EventDate "2020.05.31"]

1. d4 Nf6 2. Nf3 e6 3. c4 Bb4+ 4. Nbd2 b6 5. a3 Bxd2+ 6. Qxd2 Bb7 7. e3 O-O 8.
b3 d6 9. Bb2 Nbd7 10. Be2 Ne4 11. Qc2 f5 12. O-O Qe7 13. Rfd1 a5 14. d5 e5 15.
Nd2 Nxd2 16. Qxd2 Nc5 17. Qc2 a4 18. b4 Nb3 19. Rab1 Bc8 20. Qc3 f4 21. Rf1 f3
22. gxf3 Bh3 23. Kh1 Bxf1 24. Rxf1 Qh4 25. Qe1 Qh3 26. Rg1 Rxf3 27. Bxf3 Qxf3+
28. Rg2 Rf8 29. Kg1 Qe4 30. Qd1 Rf3 31. Rg3 Rxg3+ 32. hxg3 Qxc4 33. Qh5 g6 34.
Qg5 Qxd5 35. Qd8+ Kg7 36. Qxc7+ Kh6 37. Qd8 Qd1+ 38. Kg2 Nd2 39. Qh4+ Qh5 40.
Qf6 Qf5 41. Qh4+ Kg7 42. Qe7+ Qf7 43. Bxe5+ dxe5 44. Qxe5+ Qf6 45. Qc7+ Kh6 46.
f4 Qe6 47. Qd8 Qxe3 48. Qh4+ Kg7 49. Qg4 Qe4+ 50. Kf2 Qd5 51. Qc8 Ne4+ 52. Ke3
Nxg3 53. Qc7+ Kh6 54. Qxb6 Nf5+ 55. Ke2 Qa2+ 56. Ke1 Qb1+ 57. Kd2 Qb2+ 58. Ke1
Qc3+ 59. Kf2 Qd2+ 0-1

[Event "European Online KO Final"]
[Site "chess.com INT"]
[Date "2020.05.31"]
[Round "1.2"]
[White "Giri, Anish"]
[Black "Galaktionov, Artem"]
[Result "1-0"]
[WhiteTitle "GM"]
[BlackTitle "FM"]
[WhiteElo "2764"]
[BlackElo "2319"]
[WhiteFideId "24116068"]
[BlackFideId "24175471"]
[EventDate "2020.05.31"]

1. c4 c6 2. d4 g6 3. e4 Bg7 4. Nc3 d6 5. h3 Nd7 6. Nf3 e5 7. Be3 Ngf6 8. d5 c5
9. g4 a6 10. Rg1 Nf8 11. Nd2 h5 12. g5 N6h7 13. a3 b6 14. b4 f6 15. gxf6 Bxf6
16. Nf3 Ra7 17. Rb1 Rf7 18. bxc5 bxc5 19. Qa4+ Qd7 20. Rb8 Ke7 21. Qc6 Kd8 22.
Qxa6 Qa7 23. Qxc8+ 1-0

[Event "European Online KO Final"]
[Site "chess.com INT"]
[Date "2020.05.31"]
[Round "1.1"]
[White "Sarana, Alexey"]
[Black "Bluebaum, Matthias"]
[Result "1/2-1/2"]
[WhiteTitle "GM"]
[BlackTitle "GM"]
[WhiteElo "2654"]
[BlackElo "2647"]
[WhiteFideId "24133795"]
[BlackFideId "24651516"]
[EventDate "2020.05.31"]

1. d4 Nf6 2. c4 e6 3. Nf3 d5 4. Nc3 Bb4 5. Bg5 h6 6. Bxf6 Qxf6 7. Qa4+ Nc6 8. e3
O-O 9. Rc1 Qg6 10. Qc2 Qxc2 11. Rxc2 Rd8 12. a3 Bf8 13. Nb5 Bd7 14. cxd5 exd5
15. Bd3 Rac8 16. Ke2 a6 17. Nc3 Ne7 18. b4 Bf5 19. Bxf5 Nxf5 20. g4 Nd6 21. Ra1
c6 22. Na4 Re8 23. Nc5 Ra8 24. Nb3 g6 25. Ne5 Kg7 26. h3 Be7 27. Na5 Bd8 28. Kd3
f6 29. Nd7 Re7 30. Nc5 Rc8 31. Ncb3 Rec7 32. Rac1 Kf7 33. Nd2 Re7 34. Nab3 Ra8
35. a4 a5 36. bxa5 Bxa5 37. Nxa5 Rxa5 38. Ra2 Ra7 39. a5 Re8 40. a6 Ne4 41. Nxe4
dxe4+ 42. Kc4 bxa6 43. Rca1 Rea8 44. Ra5 Ke6 45. Kc5 Kd7 46. Rb1 Rc7 47. Rb6 f5
48. gxf5 Rf8 49. fxg6 Rf5+ 50. Kb4 Rxf2 51. g7 Rb2+ 52. Kc4 Rc2+ 53. Kb4 Rb2+
54. Kc3 Rg2 55. Re5 Rxg7 56. Rxe4 Ra7 57. Re5 a5 58. Kb3 a4+ 59. Ka3 Rg1 60. Rb8
Ra1+ 61. Kb2 Rg1 62. Ka3 Ra1+ 63. Kb2 Rg1 64. Ka3 1/2-1/2

[Event "European Online KO Final"]
[Site "chess.com INT"]
[Date "2020.05.31"]
[Round "1.2"]
[White "Bluebaum, Matthias"]
[Black "Sarana, Alexey"]
[Result "1/2-1/2"]
[WhiteTitle "GM"]
[BlackTitle "GM"]
[WhiteElo "2647"]
[BlackElo "2654"]
[WhiteFideId "24651516"]
[BlackFideId "24133795"]
[EventDate "2020.05.31"]

1. d4 Nf6 2. c4 e6 3. Nc3 Bb4 4. e3 O-O 5. Bd2 c5 6. a3 Bxc3 7. Bxc3 Ne4 8. Ne2
b6 9. d5 Bb7 10. f3 Nxc3 11. Nxc3 exd5 12. cxd5 d6 13. e4 a6 14. a4 Nd7 15. Be2
f5 16. exf5 Rxf5 17. O-O Qg5 18. Qc1 Qf4 19. Qxf4 Rxf4 20. Ne4 Bxd5 21. Rad1
Bxe4 22. fxe4 Rxf1+ 23. Bxf1 Kf7 24. Rxd6 Ke7 25. e5 b5 26. axb5 axb5 27. Bxb5
Nxe5 28. Rd5 Ng4 29. Rd7+ Kf6 30. Rd1 Rb8 31. Be2 Ne5 32. Rd2 Kf5 33. Rc2 Ke4
34. Kf2 Kd4 35. Rd2+ Ke4 36. Rc2 Kd4 37. Rd2+ Ke4 38. Rc2 1/2-1/2

[Event "European Online KO Final"]
[Site "chess.com INT"]
[Date "2020.05.31"]
[Round "1.1"]
[White "Durarbayli, Vasif"]
[Black "Meier, Georg"]
[Result "1-0"]
[WhiteTitle "GM"]
[BlackTitle "GM"]
[WhiteElo "2606"]
[BlackElo "2621"]
[WhiteFideId "13402935"]
[BlackFideId "4675789"]
[EventDate "2020.05.31"]

1. e4 e6 2. d4 d5 3. e5 c5 4. c3 Nc6 5. Nf3 Qb6 6. Be2 cxd4 7. cxd4 Nge7 8. Na3
Nf5 9. Nc2 Bd7 10. O-O Rc8 11. Kh1 Na5 12. b3 Bb5 13. Bb2 Nc6 14. h3 a6 15. g4
Nfe7 16. Kg2 Ng6 17. Kg3 h5 18. Bxb5 Qxb5 19. Qd2 Be7 20. Rac1 Qa5 21. Qxa5 Nxa5
22. Nce1 Rxc1 23. Bxc1 Nc6 24. Bd2 Bd8 25. Nd3 Bb6 26. Be3 f6 27. Rc1 hxg4 28.
hxg4 Kd7 29. b4 Rc8 30. Rh1 Rh8 31. Rb1 Nce7 32. a4 f5 33. Nc5+ Bxc5 34. bxc5
fxg4 35. Kxg4 Rb8 36. Rb6 Nc8 37. c6+ Kc7 38. Rxb7+ Rxb7 39. cxb7 Nb6 40. Ng5
Nf8 41. Bd2 Kxb7 42. Bb4 Nbd7 43. f4 g6 44. Nf7 Kc7 45. Kg5 Nb6 46. Bxf8 Nxa4
47. Kxg6 Nc3 48. f5 exf5 49. Kxf5 Ne2 50. Bc5 a5 51. e6 Ng3+ 52. Ke5 a4 53. Kxd5 1-0

[Event "European Online KO Final"]
[Site "chess.com INT"]
[Date "2020.05.31"]
[Round "1.2"]
[White "Meier, Georg"]
[Black "Durarbayli, Vasif"]
[Result "1-0"]
[WhiteTitle "GM"]
[BlackTitle "GM"]
[WhiteElo "2621"]
[BlackElo "2606"]
[WhiteFideId "4675789"]
[BlackFideId "13402935"]
[EventDate "2020.05.31"]

1. c4 c5 2. g3 Nc6 3. Bg2 g6 4. Nc3 Bg7 5. e3 d6 6. Nge2 e5 7. a3 a5 8. b3 Nge7
9. Bb2 O-O 10. d3 Rb8 11. O-O Be6 12. Nd5 b5 13. Qd2 a4 14. b4 cxb4 15. axb4
bxc4 16. dxc4 Bxd5 17. cxd5 Nxb4 18. Nc3 Qd7 19. Nxa4 f5 20. Rfb1 Na6 21. Qa5
Nc7 22. Nb6 Qd8 23. Nc4 e4 24. Bxg7 Rxb1+ 25. Rxb1 Kxg7 26. Rb7 Ncxd5 27. Qxd5 1-0

[Event "European Online KO Final"]
[Site "chess.com INT"]
[Date "2020.05.31"]
[Round "1.3"]
[White "Durarbayli, Vasif"]
[Black "Meier, Georg"]
[Result "0-1"]
[WhiteTitle "GM"]
[BlackTitle "GM"]
[WhiteElo "2606"]
[BlackElo "2621"]
[WhiteFideId "13402935"]
[BlackFideId "4675789"]
[EventDate "2020.05.31"]

1. e4 e6 2. d4 d5 3. e5 c5 4. c3 Nc6 5. Nf3 Qb6 6. Be2 cxd4 7. cxd4 Nge7 8. Na3
Nf5 9. Nc2 Bd7 10. O-O Rc8 11. Kh1 Na5 12. Nfe1 Bb5 13. g4 Ne7 14. Bxb5+ Qxb5
15. Rg1 h5 16. gxh5 Nac6 17. a4 Qb6 18. Ra3 Nf5 19. Rd3 a6 20. Ng2 Qd8 21. Rb3
Rc7 22. Bf4 Be7 23. Nge3 Nxe3 24. fxe3 Bf8 25. Qg4 Ne7 26. Ne1 Qd7 27. a5 Nf5
28. Nf3 Qa4 29. Rc3 Rxc3 30. bxc3 Qxa5 31. c4 Be7 32. h6 gxh6 33. Qg2 Qc3 34.
cxd5 exd5 35. Qg4 Qd3 36. Nd2 Bg5 37. e4 Ne7 38. e6 Rf8 39. Bxg5 hxg5 40. Rg3
Qxd2 41. exd5 fxe6 42. Qxe6 Rf1+ 43. Rg1 Rxg1+ 44. Kxg1 Qxd4+ 0-1

[Event "European Online KO Final"]
[Site "chess.com INT"]
[Date "2020.05.31"]
[Round "1.1"]
[White "Movsesian, Sergei"]
[Black "Gazik, Viktor"]
[Result "1/2-1/2"]
[WhiteTitle "GM"]
[BlackTitle "IM"]
[WhiteElo "2649"]
[BlackElo "2502"]
[WhiteFideId "310204"]
[BlackFideId "14928752"]
[EventDate "2020.05.31"]

1. e4 d5 2. exd5 Qxd5 3. Nc3 Qa5 4. Bc4 Nf6 5. Nge2 Bf5 6. O-O e6 7. d3 c6 8.
Ng3 Bg6 9. Bf4 Nbd7 10. Re1 Bb4 11. a3 Be7 12. Qd2 O-O 13. Nd5 Qd8 14. Bc7 Qe8
15. Nxe7+ Qxe7 16. Qf4 Rfe8 17. Bd6 Qd8 18. Bb3 Nd5 19. Qf3 N7b6 20. Be5 Nd7 21.
Bd6 N7b6 22. Be5 Nd7 23. Bd4 e5 24. Be3 Nxe3 25. Rxe3 Nc5 26. Ba2 Qd4 27. c3 Qd7
28. Ne4 Bxe4 29. dxe4 Rad8 30. h4 Qe7 31. g3 Rd2 32. Re2 Red8 33. Rae1 g6 34.
Qe3 Rxe2 35. Rxe2 h5 36. b4 Na4 37. Bb3 Nb6 38. a4 Kg7 39. a5 Nc8 40. Kg2 a6 41.
Rd2 Rxd2 42. Qxd2 Nd6 43. Qe3 Nb5 44. Bc4 Qd6 45. Qf3 Qd7 46. Qe3 Qd6 47. Qf3
Qd7 48. Qe3 Qd6 1/2-1/2

[Event "European Online KO Final"]
[Site "chess.com INT"]
[Date "2020.05.31"]
[Round "1.2"]
[White "Gazik, Viktor"]
[Black "Movsesian, Sergei"]
[Result "0-1"]
[WhiteTitle "IM"]
[BlackTitle "GM"]
[WhiteElo "2502"]
[BlackElo "2649"]
[WhiteFideId "14928752"]
[BlackFideId "310204"]
[EventDate "2020.05.31"]

1. d4 Nf6 2. Nf3 e6 3. g3 d5 4. Bg2 Be7 5. O-O O-O 6. c4 c6 7. b3 b6 8. Bb2 Bb7
9. Nbd2 Nbd7 10. e3 c5 11. cxd5 Bxd5 12. Qe2 cxd4 13. Bxd4 Nc5 14. Rfd1 Qc7 15.
Ne5 Qb7 16. Bxc5 Bxg2 17. Bxe7 Bh3 18. Qf3 Qxe7 19. g4 Qc7 20. Ndc4 b5 21. Qxh3
bxc4 22. Nxc4 Qc5 23. Qg2 Rad8 24. h3 Nd5 25. Rd2 Nc3 26. Rc2 Nd5 27. Qe4 Nb4
28. Re2 Rd5 29. Rf1 Rfd8 30. Kg2 h5 31. f3 Nd3 32. f4 Qc7 33. g5 g6 34. h4 a5
35. Qf3 a4 36. e4 Rd4 37. Rd2 axb3 38. axb3 e5 39. fxe5 Nxe5 40. Qf4 Rxd2+ 41.
Nxd2 Qe7 42. Nf3 Nd3 43. Qe3 Qc7 44. e5 Qc2+ 45. Kg1 Qxb3 46. e6 Qxe6 47. Qxe6
fxe6 48. Rd1 Rd5 49. Kh2 Nf4 50. Ra1 e5 51. Ra4 Kg7 52. Kg3 Ne2+ 53. Kf2 Nc3 54.
Ra7+ Kf8 55. Ra6 Kf7 56. Ra7+ Ke6 57. Ra6+ Rd6 58. Ra3 Ne4+ 59. Ke3 Ng3 60. Ra5
Nf5+ 61. Kf2 Rd5 62. Ra6+ Nd6 63. Ke3 Kf5 64. Rc6 Kg4 65. Rc1 Kf5 66. Rc6 Kg4
67. Rc1 Rb5 68. Rg1+ Kf5 69. Nd2 Ke6 70. Ke2 Rb4 71. Nf3 Nf5 72. Ra1 Nxh4 73.
Ra6+ Kf5 74. Rf6+ Kg4 75. Nxh4 Kxg5 76. Rxg6+ Kxh4 77. Ke3 Rg4 78. Rh6 Kg5 79.
Re6 Kf5 80. Rh6 h4 81. Rh5+ Ke6 82. Kf3 Rf4+ 83. Ke3 Kd5 84. Rg5 Ra4 85. Rh5 h3
86. Kd2 Ra3 87. Ke2 Kd4 88. Rh4+ e4 89. Rh8 h2 90. Kf2 Ra2+ 91. Kg3 e3 92. Rd8+
Ke4 93. Re8+ Kd3 94. Rd8+ Kc3 95. Rc8+ Kd2 96. Rd8+ Ke1 97. Rh8 e2 98. Kg2 Kd1 0-1

[Event "European Online KO Final"]
[Site "chess.com INT"]
[Date "2020.05.31"]
[Round "1.1"]
[White "Mikhalevski, Victor"]
[Black "Sargissian, Gabriel"]
[Result "1/2-1/2"]
[WhiteTitle "GM"]
[BlackTitle "GM"]
[WhiteElo "2565"]
[BlackElo "2682"]
[WhiteFideId "2801914"]
[BlackFideId "13300881"]
[EventDate "2020.05.31"]

1. Nf3 d5 2. g3 c6 3. Bg2 Bg4 4. d3 e6 5. O-O Nf6 6. h3 Bh5 7. c4 Be7 8. Qb3 Qb6
9. Be3 Qxb3 10. axb3 a6 11. g4 Bg6 12. Ne5 Nbd7 13. Nxg6 hxg6 14. Nc3 O-O 15. d4
Ne8 16. f4 Nd6 17. c5 Nb5 18. g5 f6 19. h4 e5 20. Nxb5 axb5 21. b4 e4 22. Bh3 f5
23. Bd2 Kf7 24. Kf2 Rfd8 25. e3 Nf8 26. Rh1 Ne6 27. Ra5 Rxa5 28. bxa5 Nc7 29. h5
Rg8 30. hxg6+ Kxg6 31. Bf1 Kf7 32. Be2 g6 33. Rh7+ Rg7 34. Rh8 Rg8 35. Rh7+ Rg7
36. Rh8 Rg8 37. Rh7+ 1/2-1/2

[Event "European Online KO Final"]
[Site "chess.com INT"]
[Date "2020.05.31"]
[Round "1.2"]
[White "Sargissian, Gabriel"]
[Black "Mikhalevski, Victor"]
[Result "1-0"]
[WhiteTitle "GM"]
[BlackTitle "GM"]
[WhiteElo "2682"]
[BlackElo "2565"]
[WhiteFideId "13300881"]
[BlackFideId "2801914"]
[EventDate "2020.05.31"]

1. d4 Nf6 2. c4 e6 3. Nc3 Bb4 4. Nf3 O-O 5. Bd2 d5 6. e3 b6 7. cxd5 exd5 8. Rc1
Bb7 9. Bd3 a6 10. O-O Nbd7 11. Ne5 Nxe5 12. dxe5 Bxc3 13. Bxc3 Ne4 14. Bxe4 dxe4
15. Qg4 Qe7 16. Rfd1 Rad8 17. b4 Qe6 18. Qxe6 fxe6 19. Bd4 Rf7 20. Rc3 Bd5 21.
Rdc1 Rdd7 22. a3 Kf8 23. a4 Ke8 24. a5 b5 25. Rc6 Bxc6 26. Rxc6 Rfe7 27. h3 Rd5
28. Rxa6 Kd7 29. Kh2 Re8 30. Kg3 Rb8 31. h4 Rc8 32. f3 exf3 33. gxf3 Re8 34. f4
Kc8 35. Ra8+ Kd7 36. Ra6 Kc8 37. Rc6 Kb7 38. Rc1 Re7 39. h5 Rf7 40. a6+ Kxa6 41.
Rc6+ Kb7 42. Rxe6 Rd8 43. Kg4 Ra8 44. f5 Ra2 45. e4 Ra8 46. h6 Rg8 47. Kf4 Rd7
48. Bc5 Rf7 49. Re7 Rxe7 50. Bxe7 Kc6 51. e6 g5+ 52. Kg4 Re8 53. f6 1-0

[Event "European Online KO Final"]
[Site "chess.com INT"]
[Date "2020.05.31"]
[Round "1.2"]
[White "Kovalev, Vladislav"]
[Black "Keymer, Vincent"]
[Result "0-1"]
[WhiteTitle "GM"]
[BlackTitle "GM"]
[WhiteElo "2648"]
[BlackElo "2558"]
[WhiteFideId "13504398"]
[BlackFideId "12940690"]
[EventDate "2020.05.31"]

1. e4 c6 2. Nf3 d5 3. Nc3 dxe4 4. Nxe4 Nf6 5. Qe2 Nxe4 6. Qxe4 Nd7 7. Bc4 Nf6 8.
Ne5 e6 9. Qe2 b5 10. Bb3 Qc7 11. O-O Bd6 12. d4 O-O 13. Bf4 a5 14. c3 c5 15.
dxc5 Qxc5 16. Rad1 Bc7 17. Nd3 Qc6 18. Ne5 Qc5 19. Qf3 Rb8 20. Nd3 Qe7 21. Bxc7
Qxc7 22. Qg3 Qxg3 23. hxg3 Bb7 24. Nc5 Rfc8 25. Nxb7 Rxb7 26. a3 Kf8 27. Rd4 Ke7
28. Rfd1 Rd7 29. f3 Rcd8 30. Rxd7+ Rxd7 31. Rxd7+ Nxd7 32. Kf2 Kd6 33. Ke3 Nb6
34. Kd3 Kc5 35. Ba2 a4 36. b4+ axb3 37. Bxb3 Nc8 38. c4 b4 39. a4 Ne7 40. a5 Nc6
41. a6 Kb6 42. Ba4 Na5 43. Be8 f6 44. Bb5 Nb3 45. f4 Nc5+ 46. Kd4 Nxa6 47. g4
Nc5 48. g5 e5+ 49. fxe5 fxe5+ 50. Ke3 b3 51. Kd2 Ka5 0-1

[Event "European Online KO Final"]
[Site "chess.com INT"]
[Date "2020.05.31"]
[Round "1.1"]
[White "Boruchovsky, Avital"]
[Black "Demchenko, Anton"]
[Result "0-1"]
[WhiteTitle "GM"]
[BlackTitle "GM"]
[WhiteElo "2541"]
[BlackElo "2641"]
[WhiteFideId "2800055"]
[BlackFideId "4160258"]
[EventDate "2020.05.31"]

1. e4 e5 2. Nf3 Nc6 3. Bb5 a6 4. Ba4 Nge7 5. O-O Ng6 6. d4 exd4 7. Nxd4 Nxd4 8.
Qxd4 b5 9. Bb3 Bb7 10. c3 Bd6 11. Nd2 Qe7 12. Nf3 Ne5 13. Nxe5 Bxe5 14. Qe3 O-O
15. Re1 Rae8 16. Qg5 Bf6 17. Qg3 d5 18. Bf4 Bh4 19. Qe3 dxe4 20. Qa7 Rb8 21.
Rad1 Bg5 22. Be3 Bxe3 23. Qxe3 Rfd8 24. f3 Rxd1 25. Bxd1 Re8 26. Bc2 f5 27. Bb3+
Kh8 28. Rd1 f4 29. Qxf4 exf3 30. gxf3 Rf8 31. Rd7 Qc5+ 32. Qd4 Qg5+ 33. Qg4 Qe3+
34. Kf1 Rxf3+ 0-1

[Event "European Online KO Final"]
[Site "chess.com INT"]
[Date "2020.05.31"]
[Round "1.2"]
[White "Demchenko, Anton"]
[Black "Boruchovsky, Avital"]
[Result "1-0"]
[WhiteTitle "GM"]
[BlackTitle "GM"]
[WhiteElo "2641"]
[BlackElo "2541"]
[WhiteFideId "4160258"]
[BlackFideId "2800055"]
[EventDate "2020.05.31"]

1. d4 Nf6 2. Nf3 g6 3. Bf4 Bg7 4. c3 b6 5. Nbd2 Bb7 6. h3 O-O 7. e3 c5 8. Be2 d6
9. O-O Nc6 10. Re1 a6 11. a4 Re8 12. Bh2 d5 13. Qb3 Na5 14. Qa3 c4 15. Ne5 Nd7
16. Nxd7 Qxd7 17. Qa2 Rac8 18. Qb1 Bc6 19. b4 cxb3 20. Nxb3 Nc4 21. a5 b5 22.
Nc5 Qa7 23. Nd3 Nd2 24. Qb2 Ne4 25. Nb4 Bb7 26. Rec1 Bf8 27. f3 Nd6 28. Bxd6
exd6 29. Qd2 Rc7 30. Re1 Qa8 31. f4 Qc8 32. Rac1 Kh8 33. Bg4 Qa8 34. Bf3 Rce7
35. g3 h5 36. Re2 Rc7 37. Ree1 Rc4 38. g4 h4 39. Qg2 Rec8 40. Qd2 Be7 41. Rc2
Kg7 42. g5 Bd8 43. Ra1 R8c7 44. Raa2 Qc8 45. Bg4 Qa8 46. Qe1 Bc8 47. Qxh4 Bxg4
48. hxg4 Kf8 49. Qh8+ Ke7 50. Qf6+ Ke8 51. Qh8+ Kd7 52. Qg8 Rxc3 53. Rxc3 Rxc3
54. Qxf7+ Kc8 55. Qe6+ Kb8 56. Qxd6+ Bc7 57. Qf8+ Kb7 58. Qxa8+ Kxa8 59. Nxd5
Rc1+ 60. Kf2 Bd6 61. f5 b4 62. Rb2 gxf5 63. gxf5 Ra1 64. Nxb4 Rxa5 65. e4 Ra4
66. Nc2 Rc4 67. g6 Bf8 68. Ke3 Bh6+ 69. Kd3 Rc6 70. e5 a5 71. Ra2 1-0

[Event "European Online KO Final"]
[Site "chess.com INT"]
[Date "2020.05.31"]
[Round "1.1"]
[White "Navara, David"]
[Black "Asadli, Vugar"]
[Result "1-0"]
[WhiteTitle "GM"]
[BlackTitle "GM"]
[WhiteElo "2719"]
[BlackElo "2572"]
[WhiteFideId "309095"]
[BlackFideId "13405764"]
[EventDate "2020.05.31"]

1. e4 e5 2. Nf3 Nc6 3. Bb5 Nf6 4. d3 Bc5 5. Bxc6 dxc6 6. O-O Nd7 7. c3 O-O 8. d4
Bd6 9. Bg5 f6 10. Bh4 Qe8 11. Nbd2 Nb6 12. Qc2 a5 13. Bg3 a4 14. h3 c5 15. Rfe1
cxd4 16. cxd4 Ra5 17. b4 axb3 18. axb3 Rxa1 19. Rxa1 Qe7 20. dxe5 fxe5 21. Ra5
Nd7 22. Nc4 Bc5 23. Ncxe5 Nxe5 24. Nxe5 b6 25. Ra7 Bxf2+ 26. Bxf2 Qxe5 27. Qxc7
Qxc7 28. Rxc7 Be6 29. b4 b5 30. Bc5 Rd8 31. e5 Rd2 32. Re7 Bd5 33. e6 h6 34.
Re8+ Kh7 35. Rd8 Rxg2+ 36. Kf1 Rg6 37. Rxd5 Rxe6 1-0

[Event "European Online KO Final"]
[Site "chess.com INT"]
[Date "2020.05.31"]
[Round "1.2"]
[White "Asadli, Vugar"]
[Black "Navara, David"]
[Result "1-0"]
[WhiteTitle "GM"]
[BlackTitle "GM"]
[WhiteElo "2572"]
[BlackElo "2719"]
[WhiteFideId "13405764"]
[BlackFideId "309095"]
[EventDate "2020.05.31"]

1. e4 e5 2. Nf3 Nc6 3. Bc4 Bc5 4. c3 Nf6 5. d3 a6 6. O-O d6 7. Bb3 h6 8. Be3
Bxe3 9. fxe3 O-O 10. Nbd2 Be6 11. Bc2 Ne7 12. Nh4 Ng6 13. Nf5 d5 14. exd5 Nxd5
15. Qe1 Qd7 16. g4 Nge7 17. Qf2 Bxf5 18. gxf5 Nf6 19. e4 Qd6 20. Nc4 Ng4 21. Qg3
Qc5+ 22. Kh1 b5 23. b4 Qc6 24. Nxe5 Nxe5 25. Qxe5 Qd6 26. Qxd6 cxd6 27. f6 Ng6
28. Bb3 a5 29. bxa5 Rxa5 30. Rf5 Ne5 31. d4 g6 32. Rf2 Nc4 33. h4 Rc8 34. Rg1
Kf8 35. Rg3 Ra3 36. h5 g5 37. Rf5 Nd2 38. Rxb5 Nxe4 39. Re3 Nxf6 40. Rb7 d5 41.
Ree7 Kg8 42. Rxf7 Rf8 43. Rg7+ Kh8 44. Rg6 Ng4 45. Rgg7 Rf1+ 46. Kg2 Ne3+ 47.
Kh2 g4 48. Rgf7 Rxf7 49. Rxf7 Ra8 50. Re7 g3+ 51. Kg1 Nc4 52. Kg2 Rc8 53. Kxg3
Nd2 54. Bxd5 Rxc3+ 55. Kf4 Rh3 56. Re2 Rxh5 57. Rxd2 Rxd5 58. Ke4 Rd8 59. d5 Kg7
60. d6 h5 61. Kd5 h4 62. Kc6 h3 63. d7 Ra8 64. d8=Q Rxd8 65. Rxd8 1-0

[Event "European Online KO Final"]
[Site "chess.com INT"]
[Date "2020.05.31"]
[Round "1.3"]
[White "Navara, David"]
[Black "Asadli, Vugar"]
[Result "1-0"]
[WhiteTitle "GM"]
[BlackTitle "GM"]
[WhiteElo "2719"]
[BlackElo "2572"]
[WhiteFideId "309095"]
[BlackFideId "13405764"]
[EventDate "2020.05.31"]

1. e4 e5 2. Nf3 Nc6 3. Bc4 Bc5 4. c3 Nf6 5. d3 O-O 6. a4 a5 7. Bg5 Be7 8. O-O d6
9. Nbd2 h6 10. Bh4 Kh8 11. Bg3 Be6 12. Bb5 Na7 13. d4 Nxb5 14. axb5 exd4 15.
Nxd4 Nd7 16. f4 Nc5 17. f5 Bd7 18. e5 dxe5 19. Bxe5 Bf6 20. Nc4 Re8 21. Re1 Bxe5
22. Nxe5 Qf6 23. Nxd7 Nxd7 24. Rxe8+ Rxe8 25. Rxa5 Qe5 26. Qd2 Nf6 27. Ra1 c5
28. bxc6 bxc6 29. Nxc6 Qxf5 30. Nd4 Qe5 31. Nf3 Qc5+ 32. Qd4 Qb5 33. c4 Qb3 34.
Ne5 Qc2 35. Nxf7+ Kh7 36. Ne5 Ne4 37. h3 Rb8 38. Re1 Nd2 39. Nd7 Rxb2 40. Nf6+
Kg6 41. Qg4+ Kf7 42. Qe6+ Kg6 43. Qe8+ Kg5 44. Re5+ Kf4 45. Nh5# 1-0

[Event "European Online KO Final"]
[Site "chess.com INT"]
[Date "2020.05.31"]
[Round "2.1"]
[White "Giri, Anish"]
[Black "Sarana, Alexey"]
[Result "1/2-1/2"]
[WhiteTitle "GM"]
[BlackTitle "GM"]
[WhiteElo "2764"]
[BlackElo "2654"]
[WhiteFideId "24116068"]
[BlackFideId "24133795"]
[EventDate "2020.05.31"]

1. c4 e5 2. g3 Nf6 3. Bg2 Nc6 4. Nc3 Bb4 5. e4 d6 6. Nge2 Bg4 7. h3 Bxe2 8. Nxe2
Bc5 9. d3 Nd4 10. O-O Nxe2+ 11. Qxe2 Bd4 12. Rb1 a5 13. h4 Nd7 14. Bh3 Nc5 15.
Bg5 f6 16. Bd2 Qe7 17. Kg2 a4 18. h5 Qf7 19. Rh1 c6 20. Bc3 O-O 21. Bf5 Kh8 22.
Rh4 b5 23. Bg6 Qd7 24. Rbh1 h6 25. cxb5 Bxc3 26. bxc6 Qxc6 27. bxc3 Rab8 28. d4
Nd7 29. Bf5 Rfd8 30. Qd2 a3 31. Ra1 Rb2 32. Qd3 Qb6 33. Rhh1 exd4 34. cxd4 Qb4
35. Rhd1 Nb6 36. Be6 d5 37. exd5 Nxd5 38. Rac1 Qd6 39. Qe4 f5 40. Qxd5 Qxd5+ 41.
Bxd5 Rxd5 42. Rc8+ Kh7 43. Re1 Rd7 44. Ree8 g5 45. Rh8+ Kg7 46. Rcg8+ Kf7 47.
Rg6 Rxd4 48. Rh7+ Kf8 49. Ra6 Kg8 50. Rc7 Rd8 51. Rxa3 f4 52. gxf4 Rf8 53. fxg5
Rfxf2+ 54. Kg1 Rg2+ 55. Kf1 Rbf2+ 56. Ke1 Rxa2 57. Rxa2 Rxa2 58. gxh6 Ra5 59.
h7+ 1/2-1/2

[Event "European Online KO Final"]
[Site "chess.com INT"]
[Date "2020.05.31"]
[Round "2.1"]
[White "Meier, Georg"]
[Black "Movsesian, Sergei"]
[Result "1/2-1/2"]
[WhiteTitle "GM"]
[BlackTitle "GM"]
[WhiteElo "2621"]
[BlackElo "2649"]
[WhiteFideId "4675789"]
[BlackFideId "310204"]
[EventDate "2020.05.31"]

1. Nf3 d5 2. g3 c6 3. Bg2 Bg4 4. h3 Bh5 5. c4 e6 6. O-O Nf6 7. d3 Nbd7 8. cxd5
exd5 9. Nc3 Bc5 10. Qb3 Bb6 11. Na4 O-O 12. Nxb6 axb6 13. g4 Bg6 14. Nd4 Nc5 15.
Qc3 Ne6 16. f4 h6 17. f5 Nxd4 18. Qxd4 Bh7 19. g5 hxg5 20. Bxg5 Re8 21. Rf2 b5
22. e4 Ra4 23. b4 Qd6 24. a3 Nh5 25. exd5 Ng3 26. Bf4 Nxf5 27. Bxd6 Nxd4 28. Kh2
Bg6 29. Bc5 Nb3 30. Raf1 Nxc5 31. bxc5 Bxd3 32. Rd1 Be4 33. Bxe4 Raxe4 34. d6 f6
35. Rf3 Kf7 36. Rdd3 R4e5 37. Rc3 Ke6 38. h4 Rh8 39. Kg3 Rhh5 40. Rfe3 Kd7 41.
Rxe5 Rxe5 42. Kf4 Rd5 43. Kg4 Rd4+ 44. Kh5 Rc4 45. Rh3 Rxc5+ 46. Kg6 Kxd6 47.
Kxg7 Rh5 48. Kg6 Rh8 49. Kg7 Rh5 50. Kg6 Rh8 51. Kg7 Rh5 1/2-1/2

[Event "European Online KO Final"]
[Site "chess.com INT"]
[Date "2020.05.31"]
[Round "2.2"]
[White "Movsesian, Sergei"]
[Black "Meier, Georg"]
[Result "1/2-1/2"]
[WhiteTitle "GM"]
[BlackTitle "GM"]
[WhiteElo "2649"]
[BlackElo "2621"]
[WhiteFideId "310204"]
[BlackFideId "4675789"]
[EventDate "2020.05.31"]

1. e4 e6 2. d4 d5 3. e5 c5 4. c3 Nc6 5. Nf3 Qb6 6. Be2 cxd4 7. cxd4 Nge7 8. Na3
Nf5 9. Nc2 Bd7 10. h4 f6 11. exf6 gxf6 12. O-O Bd6 13. Bd3 O-O-O 14. b4 Ncxd4
15. Nfxd4 Nxd4 16. Be3 e5 17. a4 Bc7 18. f4 Kb8 19. a5 1/2-1/2